Zemle ridna!

Bibliographic Details
Main Author: Symonenko, Vasyľ Andrijovyč, 1935-1963 (Author)
Format: Article
Language:Ukrainian
ISSN:1337-6314
Subjects:

MARC

LEADER 00000nab a2200000 a 4500
001 vtls009460992
003 SK-MaSNL
005 20260304051714.0
008 090114c2007 xo mr p 000 c0ukr
015 |a SNBRB2009/01 
038 |a SVKPOCL 
040 |a SVKPOCL  |b slo  |c SVKPOCL  |e AACR2 
041 0 |a ukr 
044 |a xo  |c SK 
080 |a 821.161.2-1=161.2  |2 2001 
100 1 |a Symonenko, Vasyľ Andrijovyč,  |d 1935-1963  |4 aut  |9 224766 
245 1 0 |a Zemle ridna!  |c Vasyl' Symonenko 
650 0 7 |a ukrajinská literatúra  |2 svkpocl  |9 1218 
650 0 7 |a ukrajinská poézia  |2 svkpocl  |9 59029 
651 7 |a Ukrajina  |2 svkpocl  |9 168045 
655 7 |a vlastenecké básne, ukrajinské  |2 svkpocl  |9 1009118 
773 0 |t Veselka  |g Rič. [60], č. 1 (2008/2009), s. 11  |x 1337-6314 
852 |a SVKPO  |b KIS3GCP 
958 |a UK 
958 |a LX 
958 |a UA 
958 |a SK 
999 |c 2704552  |d 2706482